| 000 -ლიდერი |
| ფიქსირებული სიგრძის საკონტროლო ველი |
01057nam a2200241Ia 4500 |
| 001 - საკონტროლო ნომერი |
| საკონტროლო ველი |
8057 |
| 003 - საკონტროლო ნომრის იდენტიფიკატორი |
| საკონტროლო ველი |
GE_BSU |
| 005 - ბოლო ოპერაციის თარიღი და დრო |
| საკონტროლო ველი |
20200116161109.0 |
| 008 - ფიქსირებული სიგრძის მონაცემთა ელემენტები - ზოგადი ინფორმაცია |
| ფიქსირებული სიგრძის საკონტროლო ველი |
181216s2010||||ge |||||||||||||| ||geo|| |
| 020 ## - წიგნის საერთაშორისო სტანდარტული ნომერი |
| International Standard Book Number |
9789941025570 |
| 040 ## - კატალოგიზაციის წყარო |
| Transcribing agency |
GE_BSU |
| 041 ## - ენის კოდი |
| Language code of text/sound track or separate title |
geo |
| 080 ## - უნივერსალური ათობითი კლასიფიკაციის ინდექსი |
| Universal Decimal Classification number |
821.512.162-1 ი-85 |
| 100 ## - მთავარი ჩანაწერი - პიროვნების სახელი |
| Personal name |
ისკანდერზადე, ელჩინ |
| 9 (RLIN) |
6171 |
| 245 ## - ცნობა სათაურის შესახებ |
| Title |
ერთი ცრემლი : |
| Remainder of title |
[ლექსები] / |
| Statement of responsibility, etc |
ელჩინ ისკანდერზადე ; [მთარგმნ. ანა ბარტკულაშვილი ; რედ. მანანა გორგიშვილი]. |
| 264 ## - წარმოების, გამოცემის, დისტრიბუციის და სხვა ცნობები |
| გამოცემის, წარმოების, დისტრიბუციის... ადგილი |
თბილისი, |
| გამოცემის, წარმოების, დისტრიბუციის... თარიღი |
2010 |
| 300 ## - ფიზიკური აღწერა |
| Extent |
84 გვ.; |
| Other physical details |
20 სმ. |
| 653 ## - INDEX TERM--UNCONTROLLED |
| Uncontrolled term |
პოეზია |
| 653 ## - INDEX TERM--UNCONTROLLED |
| Uncontrolled term |
მხატვრული ლიტერატურა |
| 700 ## - ADDED ENTRY--PERSONAL NAME |
| Personal name |
ბარტკულაშვილი, ანა |
| Relator term |
მთარგმნელი |
| 9 (RLIN) |
6172 |
| 700 ## - ADDED ENTRY--PERSONAL NAME |
| Personal name |
გორგიშვილი, მანანა |
| Relator term |
რედაქტორი |
| 9 (RLIN) |
6173 |
| 942 ## - ADDED ENTRY ELEMENTS (KOHA) |
| Koha item type |
წიგნი |
| Source of classification or shelving scheme |
|